01550nam a22003377a 4500003000500000005001700005008004100022010001000063011001000073035001000083040000900093090001100102100006300113245011100176500024700287590004100534590004100575590004100616590004200657650003100699650003100730650003100761650003400792901000700826942000900833949004100842949004600883999001700929952013500946952013101081CHAP20230822114556.0971013s r 00010 d a36733 a37705 a41825 cCHAP aR-251300aOrtega Paczka, Rafael Ángel del Sagrado Corazón983853 aResultados preliminares del estudio de las combinaciones linea europea X maíz mexicano en Irapuato, Gto. aSobretiro de : Tesis PH. D. Variedades y razas mexicanas de maíz y su evaluación en cruzamientos con líneas de clima templado como mateiral de partida para fitomejoramiento. Leningrado, Instituto Nacional de Plantas Vavilov, 1985. 26 h. aBATCH-UPDb10c20130110lUCH01h1722 aBATCH-UPDb10c20130410lUCH01h1105 aBATCH-UPDb10c20130914lUCH01h1750 aCONVERSIONb10c20130109lUCH01h132114aMaízxGuanajuato.97096914aMaízxHíbridos.97097414aMaízxVariedades.97108114aPlantasxMejoramiento.988849 aBK cFOLL aR-2513bBCcRd-96215eTS1i41825si aR-2513bBCcRd-96216eTS2fc.2i41825si c36733d36733 00104051708RaBCbBCcPA_Rd2012-12-17fFOLLl0oR-2513p-96216r2019-12-31 00:00:00tc.2w2019-12-31yREIMPzRecien adquirido 00104054718RaBCbBCcPA_Rd2012-12-17fREIMPl0oR-2513p-96215r2019-12-31 00:00:00w2019-12-31yREIMPzRecien adquirido